LEADER 00815naa a2200169 i 4500 001 000000307485 003 CaOOAMICUS 005 20180831172917.0 008 180831n it u000 u ita u 013 $a16244 040 $aSeMil$bita 100 1 $aLia, Pierluigi,$d<1959-2019>.$0(OLS)http://semarc/name/19945 245 10$aForte come la morte..... Strutture percettive dell'uomo e reazione al dolore. 650 4$aSofferenza.$0(OLS)http://semarc/subject/6395 650 4$aDolore - Resistenza.$0(OLS)http://semarc/subject/43648 773 0 $aArcidiocesi di Milano : Servizio per la Pastorale della salute$tSofferenza e salvezza.$dMilano : Centro Ambrosiano, 2010.$z978-88-8025-734-9$gp.71-80$w()186116 996 $6245$aForte come la morte..... Strutture percettive dell'uomo e reazione al dolore$9(OLS)http://semarc/title/382828 LEADER 01058nam a2200241 i 4500 001 000000200197 003 CaOOAMICUS 005 20110428000000.0 008 110428s1972 it u000 u ita u 013 $a178895 040 $aSeMil$bita 245 10$aAdolescenti e penitenza :$bvirtů e sacramento della penitenza nell'etŕ evolutiva. 250 $a2. ed. rinnovata e aggiornata. 260 $aTorino-Leumann :$bElle Di Ci,$cimprim. 1972. 300 $a168 p. ;$c22 cm. 490 0 $aPastorale giovanile. Studi ;$v3 650 4$aPenitenza - Adolescenti.$0(OLS)http://semarc/subject/30362 830 0$aPastorale giovanile. Studi ;$v3.$0(OLS)http://semarc/title/22380 850 $aSeMil 852 $aSeMil$W1$xVenegono$y1$m2O III 404$j150726$B150726$CSeMilBibl$Z2$F166663 $81 961 $aLascito: Spezzibottiani don Mario 996 $6245$aAdolescenti e penitenza :$bvirtů e sacramento della penitenza nell'etŕ evolutiva$9(OLS)http://semarc/title/289484 996 $6260$aTorino-Leumann :$bElle Di Ci$9(OLS)http://semarc/publisher/30113